Decadencia y auge de las identidades: cultura nacional, identidad cultural y modernización /

Se parte diciendo que el concepto de identidad en las Ciencias Sociales es reciente. Se propone situar la problemática del abordaje teórico que tiene este conepto entre la teoría de la cultura y de una teoría de los actores sociales. Se presenta como objetivo del análisis reconstruir los lineamiento...

Cur síos iomlán

Sábháilte in:
Sonraí bibleagrafaíochta
Príomhchruthaitheoir: Valenzuela Arce, José Manuel
Rannpháirtithe: coord
Formáid: Téacs
Foilsithe / Cruthaithe: Tijuana, BC: El Colegio de la Frontera Norte. Plaza y Valdés Editores
Ábhair:
Clibeanna: Cuir clib leis
Níl clibeanna ann, Bí ar an gcéad duine le clib a chur leis an taifead seo!

MARC

LEADER 00000 a a2200000 04500
001 21979
003
040
090 |a 146402  
100 |a Valenzuela Arce, José Manuel  
245 |a Decadencia y auge de las identidades: cultura nacional, identidad cultural y modernización /  |c José Manuel Valenzuela Arce  
260 |a Tijuana, BC:   |b El Colegio de la Frontera Norte. Plaza y Valdés Editores  
300 |a 380 p.  
520 |a Se parte diciendo que el concepto de identidad en las Ciencias Sociales es reciente. Se propone situar la problemática del abordaje teórico que tiene este conepto entre la teoría de la cultura y de una teoría de los actores sociales. Se presenta como objetivo del análisis reconstruir los lineamientos centrales de la teoría de la identidad, basándose en los aportes que han hecho las diferentes disciplinas de Ciencias Sociales. Además se señala una distinción entre el concepto de identidad de las personas individuales y del concepto de identidad colectiva. Se esclarecen las ventajas de elaborar una teoría de la identidad, entre ellas la facilidad de comprensión y explicación de los conflictos sociales./MSD  
650 |a IDENTIDAD CULTURAL  
650 |a GRUPOS SOCIALES  
650 |a CONFLICTOS SOCIALES  
650 |a DISCRIMINACION SOCIAL  
700 |a coord  
999 |c 1231  |d 1231